Movies Quiz

Random Movies or Star Wars Quiz
Score 0/40 Timer 07:00
30 Plays Today
Question Answer % Correct
Basic FactsAnakin Skywalker
96.3%
Basic FactsPrincess Leia Organa
94.1%
Basic FactsObi-Wan Kenobi
93.1%
Basic FactsYoda
92.6%
Episode IV: A New HopeLight saber
90.5%
Episode IV: A New HopeHan Solo
89.7%
Episode IV: A New HopeR2D2
89.2%
Episode IV: A New HopeChewbacca
88.5%
Basic FactsMark Hamill
85.9%
Episode V: The Empire Strikes BackRight hand
85.5%
Basic FactsPadme Amidala
84.8%
Episode VI: Return of the JediC3PO
80.5%
Episode VI: Return of the JediJabba the Hutt
78.3%
Basic FactsTatooine
78.2%
Episode V: The Empire Strikes BackHoth
78.1%
Episode VI: Return of the JediEmperor Palpatine
77.3%
Episode IV: A New HopeX-Wing
76%
Episode VI: Return of the JediEndor
74.1%
Episode VI: Return of the JediDeath Star (2nd)
73.1%
Episode VI: Return of the JediEwoks
70.6%
Question Answer % Correct
Basic FactsOwen Lars
70%
Episode VI: Return of the JediAckbar (It's a TRAP!)
68.3%
Episode V: The Empire Strikes BackMillennium Falcon
66.2%
Episode V: The Empire Strikes BackDagobah
62.3%
Episode IV: A New HopeA Stormtrooper
62.2%
Episode V: The Empire Strikes BackCloud City
60.5%
Episode V: The Empire Strikes BackTow cable
58.6%
Episode IV: A New HopeSand people
58.4%
Episode IV: A New HopeMos Eisley
58%
Basic FactsBeru Lars
57.3%
Episode V: The Empire Strikes BackTauntaun
55.5%
Episode VI: Return of the JediRancor
51.5%
Basic FactsShmi Skywalker Lars
47.2%
Episode VI: Return of the JediCarkoon
46.4%
Episode V: The Empire Strikes BackBespin
42.2%
Episode IV: A New HopePower converters
40.6%
Episode V: The Empire Strikes BackWampa
37.5%
Episode V: The Empire Strikes BackDak Ralter
28.6%
Episode VI: Return of the JediFuneral pyre
26.5%
Episode IV: A New HopeTosche Station
23.8%
Remove Ads.
Support Sporcle.
Get the best of Sporcle when you Go Orange. This ad-free experience offers more features, more stats, and more fun while also helping to support Sporcle. Thank you for becoming a member.

You're not logged in!

Compare scores with friends on all Sporcle quizzes.
OR
Log In

Sporcle TV

Today on Sporcle TV


Watch our educational content, quiz creation guides, and fun videos on Sporcle TV.

Show Comments

Extras

Top Quizzes Today


Score Distribution

Paid Content

Your Account Isn't Verified!

In order to create a playlist on Sporcle, you need to verify the email address you used during registration. Go to your Sporcle Settings to finish the process.

Report this User

Report this user for behavior that violates our Community Guidelines.

Details: